000 00891cam a2200217 4500
001 WB3829-12
008 020808n2002 000 0 eng u
035 _a(Sirsi) u119267
245 _aBank property lending reaches new high
260 _c2002
490 _aRICS Commercial Property Faculty News
_v 8 August 2002 (1)
520 _aBank of England figures reveal that total property lending increased by £2.7bn in Q2 of 2002, meaning total loans outstanding to property companies have reached an all time high of £76.850bn. Bank of England press release, see Table D, worksheets p94 & 95 http://www.bankofengland.co.uk/Links/setframe.html
590 _aWB
650 _aBANK OF ENGLAND
650 _aPROPERTY LENDING
650 _aSTATISTICS
650 _aPROPERTY COMPANIES
650 _aLOANS
690 _aMANAGEMENT-BUSINESS MANAGEMENT-FINANCIAL MANAGEMENT
942 _n0
999 _c70928
_d70928